50 Cities by Letter - X - Statistics

General Stats
  • This quiz has been taken 16 times
  • The average score is 9 of 50
Answer Stats
Hint Answer % Correct
Capital of Shaanxi, home to the Terracotta Army Xi'an
100%
Chinese port city located near Taiwan's Kinmen Islands Xiamen
73%
Village near Chacsinkín, Yucatán which was not named for a gaming console Xbox
67%
Capital city of Veracruz, Mexico Xalapa
60%
Suburb of Tepic, Nayarit which almost shares its name with a neighboring state Xalisco
47%
Southern Mozambican coastal city and capital of Gaza Province Xai-Xai
40%
Dayton suburb which was the setting of the film Gummo Xenia
40%
Reduplicative city in Bahia named for a cactus Xique-Xique
40%
Upland village near Ribeira Grande, Cabo Verde whose inhabitants might give you hugs and kisses Xoxo
40%
Multicultural city in Greek Thrace known for its springtime carnival Xanthi
33%
City in northwest Jiangsu historically known as Pengcheng Xuzhou
27%
Beach town in northern Rio Grande do Sul named for a mythical Tibetan valley Xangri-lá
20%
Northwest German town known for its massive open-air archaeological museum Xanten
20%
Capital of the Han-era Jing Province and site of the Battle of Fancheng between Liu Bei and Cao Cao Xiangyang
20%
Large city in northern Henan which was the site of the ~1046 BC battle which overthrew the Shang Dynasty Xinxiang
20%
Capital of Laos's Houaphanh Province Xam Neua
13%
City in western Santa Catarina which was struck by a tornado in 2015 Xanxerê
13%
Historically important town roughly equidistant between Valencia and Alicante Xativa
13%
Suburb of Xi'an which contains the city's airport and Northwest A&F University Xianyang
13%
Second most populous Tibetan city, which commonly starts with an S but uses an X in the official Chinese romanization Xigazê
13%
Most populous city on the Tibetan Plateau Xining
13%
Southeastern borough of Mexico City known for its extensive canal system Xochimilco
13%
City south of Cuernavaca whose name is Nahuatl for "mountain of flowers" Xochitepec
13%
Seat of the Calakmul municipality which has a station on the Trén Maya Xpujil
13%
Gozo's second most populous city, home to Gġantija megalithic temples Xagħra
7%
Azerbaijani city formerly known as Stepanakert before the expulsion of Armenians from Artsakh Xankəndi
7%
Southern Acre city which was the site of a bloodless "battle" in Acre's revolt against Bolivia Xapuri
7%
Southernmost village on the Caribbean coast of Quintana Roo Xcalak
7%
Unincorporated community in northeast Tennessee named for an ancient Greek historian Xenophon
7%
Village in Gozo whose church boasts the world's third largest unsupported dome Xewkija
7%
Mao Zedong's hometown Xiangtan
7%
Seat of Sichuan's only Yi autonomous prefecture, called "Op Rro" in Nuosu Xichang
7%
Millennia-old city in southern Hubei known for Xing ware, the first true porcelain Xingtai
7%
Seat of Qianxinan Buyei and Miao Autonomous Prefecture in the southwest corner of Guizhou Xingyi
7%
Prefecture-level city in northern Shanxi which contains Yanmen Pass and Mount Wutai, one of Chinese Buddhism's Four Sacred Mountains Xinzhou
7%
Capital of Azerbaijan's Absheron District which was the subject of a political controversy involving a statue of Hosni Mubarak Xırdalan
7%
Town in southeast Guerrero which is one of the homes of the Amuzgo people Xochistlahuaca
7%
Suburb of Nukus home to the Mizdakhan archaeological site Xojeli
7%
Southeast Anhui city, the namesake of Xuan paper Xuancheng
7%
Seaside town west of Corinth named for a wooden castle Xylokastro
7%
Town in the western part of Lunda Norte province, Angola Xá-Muteba
0%
Mayan name for the Guatemalan city of Quetzaltenango Xelaju
0%
County-level city in Zhukou, Henan known as Yuan Shikai's birthplace Xiangcheng
0%
Veracruz town known for its mole variant or Mexico City suburb on the former Lake Chalco Xico
0%
Town in San Luis Potosí state which contains Edward James's sculpture assembly Las Pozas Xilitla
0%
Liaodong Bay coastal city which contains Juhua Island and a historic Ming Dynasty walled city Xingcheng
0%
Steel production hub in central Jiangxi Xinyu
0%
Hacienda south of Mérida which hosts the Yucatán State Fair Xmatkuil
0%
Yucatán village which was briefly home to the esoteric Process Church of the Final Judgement in 1966 Xtul
0%
Last major battle of the Vietnam War Xuân Lộc
0%
No matching quizzes found
Score Distribution
Percent of People with Each Score
Percentile by Number Answered
Your Score History
You have not taken this quiz